000
00309nam a2200121Ia 4500
008
230511s1984 xx 000 0 und d
041
_a
eng
082
_a
348.044
100
_a
Manohar V R
245
_a
Quin Quennial Digest
260
_a
Nagpur
_b
All India Reporter
_c
1984
906
_a
Supreme Court Cases
999
_c
353716
_d
353716